Statystyki dla Stolice najbliżej Paryża

Kliknij tutaj aby rozwiązać quiz!

Ogólne statystyki

  • Ten quiz został rozwiązany 30 razy
  • Średni wynik to 8 z 10

Statystyki odpowiedzi

HintOdpowiedź% Poprawnych
877 KmBerlin
97%
430 KmAmsterdam
93%
266 KmBruksela
93%
343 KmLondyn
90%
286 KmLuksemburg
86%
688 KmMonako
86%
708 KmAndora
83%
434 KmBerno
83%
780 KmDublin
69%
565 KmVaduz
66%

Rozkład punktacji

Percentyl według liczby udzielonych odpowiedzi

Procent ludzi z każdym wynikiem

Twoja historia wyników

Nie rozwiązałeś tego quizu